Educational supervision (Record no. 41183)

MARC details
000 -LEADER
fixed length control field 00538nam a2200145 a 4500
008 - FIXED-LENGTH DATA ELEMENTS--GENERAL INFORMATION
fixed length control field 120416s1983 ||||||||||||||||| || u
050 ## - LIBRARY OF CONGRESS CALL NUMBER
Classification number LB 2831.626N5 Ogu
100 ## - MAIN ENTRY--PERSONAL NAME
Personal name Ogunsaju, Segun
245 10 - TITLE STATEMENT
Title Educational supervision
246 ## - VARYING FORM OF TITLE
Title proper/short title perspectives and practices in Nigeria
260 ## - PUBLICATION, DISTRIBUTION, ETC.
Place of publication, distribution, etc. Ife-Ife
Name of publisher, distributor, etc. University press
Date of publication, distribution, etc. 1983
300 ## - PHYSICAL DESCRIPTION
Extent xiv, 195p. : ill.
350 ## - PRICE (NR) (BK AM CF MU VM SE) [OBSOLETE]
Price 0.00
995 ## - RECOMMENDATION 995 [LOCAL, UNIMARC FRANCE]
-- 0.00
-- CBU-MAIN LIBRARY (Kitwe)
-- 1
-- 4.95
-- 1
-- AVAILABLE
-- Annex Low-Usage Collection
Holdings
Withdrawn status Lost status Source of classification or shelving scheme Damaged status Not for loan Home library Current library Shelving location Date acquired Total Checkouts Full call number Barcode Date last seen Price effective from Koha item type
          CBU-MAIN LIBRARY, KITWE. CBU-MAIN LIBRARY, KITWE.   11/30/2022   LB 2831.626N5 Ogu 009193 11/30/2022 11/30/2022 MONOGRAPH